Quizzes
Events
Quiz Creation
Community
Videos
Private Events
Remove Ads
Sign In
Join for FREE
Feedback
Dark Mode
Quiz Categories
Sports
Geography
Music
Movies
Television
Just For Fun
Miscellaneous
History
Literature
Language
Science
Gaming
Entertainment
Religion
Holiday
For Kids
Quiz Lab
Recent
Popular Today
Quiz Kudos Today
Editor Picks
Curator Picks
Quizzes by...
Day
Popularity
Type
Ratings
Length
Year
Community
Subscriptions
Recent Discussions
Orange Saloon
Badges
Playlists
Quests
Create
Leaderboards
Showdown
Live 5
Trivia Bingo
Activity
Puzzle Library
Sporcle Events
Private Events
Virtual Trivia
Globe League
Become a Host
Pub Owners
SporcleCon
Opinionation
Our Games
Videos
Blog
Mobile Apps
Partnerships
Remove Ads and Go Orange
Feedback
Movies
Disney
Marvel Cinematic Universe
Movie Resume
Movie Titles
Oscar
Actor
Actress
Director
Pixar
Role
Movie Quotes
Movie Characters
Box Office
Nominee
Best Picture
Star Wars
James Bond
Horror Movies
Movies
Disney
Marvel Cinematic Universe
Movie Resume
Movie Titles
Oscar
Actor
Actress
Director
Pixar
Role
Movie Quotes
Movie Characters
Box Office
Nominee
Best Picture
Star Wars
James Bond
Horror Movies
Random Quiz
Search Sporcle
×
Quiz Lab
Quiz Lab
Movies
Superhero
Type in answers that appear in a list
Type in answers that appear in a list
Classic
Best Score? Go Orange.
Name the Superhero Movie by Villain death Stats
Can you name the Name the Superhero Movie by Villain death?
By
whm94
10m
20 Questions
419 Plays
419 Plays
419 Plays
Comments
Comments
Give Quiz Kudos
Give Quiz Kudos
-
- Ratings
hide this ad
More Info
Replay
Link that replays current quiz
Next Quiz
Link to next quiz in quiz playlist
You Got
0%
They Got
Avg Score
47%
Avg Friend Score
Upgrade to see
Score Distribution
Jump to the score distribution portion of the page
Score
0/20
Timer
10:00
0
Plays Today
Villain death
Movie
% Correct
Villain is impaled by his own glider
Spiderman
92.8%
Villain is pulled out of his helicopter by a heavy stone gargoyle tied to his foot
Batman
80.2%
Villain fried by ARC reactor
Iron Man
72.8%
Villain sucked into jet engine by his cape
The Incredibles
69.2%
Villain sacrifices himself to save the city from his destructive machine
Spiderman 2
67.1%
Villain tries to save his symbiotic partner from a bomb blast and is blown up alongside it instead
Spiderman 3
64.9%
The hero wouldn't kill him...but he wouldn't save him either
Batman Begins
63%
Villain dissolved by the Tesseract
Captain America
62.5%
Villain is caught between the blasts of the two heroes and dies when his suit self destructs as a result
Iron Man 2
60.4%
Villain is accidentally killed by the hero with one rule: never kill
The Dark Knight
54.4%
Villain death
Movie
% Correct
Villain gets a coin shoved through his head
X Men: First Class
50.8%
Villain decapitated and then falls into nuclear cooling tower
X Men Origins: Wolverine
40.8%
Villain gets his life sucked away by a fear eating monster
Green Lantern
36%
Villain blown out the window by a bazooka
Kick Ass
29.6%
This motherf@cker was always trying to iceskate up a hill
Blade
27.4%
Villain 'stabbed in the back' by his twin sister
Hellboy 2
23.9%
Villain Flushed down an enormous toilet
The Mask
18.4%
Villain loses his other hand and then takes and axe to the chest
Hancock
13.4%
Villain is stabbed, choked half to death, then buried under several thousand gallons of water from an exploding dam
X2: X Men United
12.6%
Villain is stabbed and then thrown into a pit of fire
Punisher: War Zone
11.2%
Quiz Playlist
Details
Report
Send in Message
Add To Playlist
More Info:
Figure out the superhero movie based on the villain's demise.
Classic:
Type in answers that appear in a list
Last Updated: Feb 16, 2017
Quiz Scoreboard
CHALLENGE
Sign Up to Join the Scoreboard
Show All
Scores
Hide
Comments
May contain spoilers
Recently Published
9x9 Crossword: Cartoon Network
by jackfrog10
Miscellaneous
3m
College Basketball Coaching Resumes
by pancakes188
Sports
9m
Billboard Blitz: Fleetwood Mac
by CooCooCachoo
Music
15s
More to Explore
Quiz From the Vault
Featured Blog Post
Where Did the Easter Bunny Come From?
hide this ad
You Might Also Like...
Tags
Superhero Quiz
death
Villains
Today's Top Quizzes in Movies
Browse Movies
hide this ad
Today's Top Quizzes in Superhero
Browse Superhero
Top Contributed Quizzes in Movies
1
Pick 5 Posters: Directed by Spielberg
2
7-to-1: Pixar Characters
3
Pick 5 Posters: Lowest-Rated Spielberg
4
Sorting Actors
5
Sorting Actresses
6
Pick 5 Posters: Directed by Scorsese
7
Hidden Star Wars Character II
8
Pick 5 Posters: Star & Director
9
Hidden Star Wars Character III
10
12 Movies about Fictional 1960s Events
Explore More
Trending Topics
Kpop
Crossword
Harry Potter
NBA
Anime
Disney
Marvel
Puzzle
NFL
Song
Country
Soccer
The Office
Pokémon
WWE
hide this ad
More By:
whm94
Quiz
Plays
Rating
Category
Featured
Created
Every Oscar Winning Film of the 21st Century (Updated)
1,337
3.00
Movies
Jun 21, 2012
Name the Superhero Movie by Villain death
419
1.67
Movies
Jun 19, 2012
Superhero Movie Villain by Death
360
1.00
Movies
Jun 19, 2012
Every Oscar Winning Film of the 1990s
347
4.33
Movies
Jun 28, 2012
21st Century Acting Nominees Who Direct
106
2.00
Movies
Jul 26, 2018
Go to Creator's Profile
Score Distribution
Quiz Creator Spotlight
whm94
Follow
Send a Message
Quizzes Created
-
Created Quiz Play Count
-
More By This Creator
Popular Quizzes Today
1
Find the US States - No Outlines Minefield
2
Find the Countries of Europe - No Outlines Minefield
3
The Countries of the World
4
Find the US States
5
Risky Map Clicking: Biggest States A-Z
6
US States
7
Popular People in 1961
8
Movies - When Are They Set?
More Movies Quizzes
Oscar Nominated Performances - 1981
Quiz Lab
Trending Quizzes
Risky Map Clicking: Least Populous States A-Z
1-10 Letter G Words
1-10 Letter F Words
Risky Map Clicking: Next State Alphabetically
Adjectives in 80s TV Shows
Recently Updated
Leaping Animals
pecheneg
Reality TV Shows (A-Z)
bhenderson79
Rickey Henderson's Hall of Fame Teammates
pecheneg
Champions League XIs: Arsenal
pecheneg
Quick Pick: Celebrities in WWE's Hall of Fame
aduchscher
A-Z Keypad Blitz II
pecheneg
Multiple Oscar Actors
pecheneg
Mystery Phrase Blitz: Oscar 'Best Actors'
pecheneg
F. Scott Fitzgerald Novels
LTH
Pick 3 Villains
ddd62291
Trending Topics
Disney
Kpop
NBA
Marvel
Harry Potter
Anime
Crossword
The Office
NFL
Puzzle
Soccer
Country
WWE
Song
Pokémon
Your Account Isn't Verified!
In order to create a playlist on Sporcle, you need to verify the email address you used during registration. Go to your
Sporcle Settings
to finish the process.
Report this User
Report this user for behavior that violates our
Community Guidelines
.
Details:
Send Report
Go to the Sporcle.com Mobile Site →
Comments